• 首页
  • 本馆介绍
  • 公告通知
  • 最新文献
  • 馆藏检索
  • 电子资源
  • 读者导购
  • 参考咨询
  • 我的图书馆
  • 登录
  • 详细信息显示
  • 放入我的书架
  • 预约/预借图书
  • 作者相关作品
  • 分类相关作品
  • 丛书相关作品
  • 出版社相关作品

书目信息

  • 表格格式
  • 工作单格式
  • 卡片格式
题名:
管理信息系统手册
    
 
作者: 格里茨 , 杰吉 编 ;中国人民大学经济管理研究所 译
分册:  
出版信息: 北京   中国人民大学出版社  1982
页数: 686页
开本: 20cm
丛书名:
单 册:
中图分类: C931.6
科图分类:
主题词: 管理信息系统--手册
电子资源:
ISBN:
000 00787nam0 2200241 45
001 0182000546
005 20060601163504.73
010    @dCNY2.70
091    @a4011.428
100    @a19960215d1982 em y0chiy0121 ea
101 1  @achi
102    @aCN@b110000
105    @ay z 000yy
200 10 @a管理信息系统手册@Aguan li xin xi xi tong shou ce@fB·L·杰吉,R·格里茨编@FB·L·jie ji,R·ge li ci bian@g中国人民大学经济管理研究所译
210    @a北京@c中国人民大学出版社@d1982
215    @a686页@d20cm
606    @a管理信息系统@x手册
690    @aC931.6@v3 
701  1 @a格里茨@Age li ci@4编
701  1 @a杰吉@Ajie ji@4编
712 02 @a中国人民大学经济管理研究所@Azhong guo ren min da xue jing ji guan li yan jiu suo@4译
801  0 @aCN@bTSSF@c20060601
905    @a10447@dC931.6@e205
    
    管理信息系统手册/B·L·杰吉,R·格里茨编/中国人民大学经济管理研究所译.-北京:中国人民大学出版社,1982
    686页;20cm
    
    
    ISBN :CNY2.70
    
●
相关链接 在E读中查询图书 在五车中查询图书 在当当中查询图书 在豆瓣中查询图书


正题名:管理信息系统手册     索取号:C931.6/205         预约/预借

序号 登录号 条形码 馆藏地/架位号 状态 备注
1 0420229   204202291   密集书库/ [索取号:C931.6/205] 在馆    
唐山师范学院图书馆 欢迎您!
大连网信软件有限公司© 版权所有